书目信息 |
| 题名: |
外国地名译名手册
|
|
| 作者: | ;中国地名委员会 编 | |
| 分册: | ||
| 出版信息: | 北京 商务印书馆 1983 |
|
| 页数: | 559页 | |
| 开本: | 19cm | |
| 丛书名: | ||
| 单 册: | ||
| 中图分类: | K91-62 , K-62 | |
| 科图分类: | ||
| 主题词: | 地名--世界--译名 , 历史 , 地理 | |
| 电子资源: | ||
| ISBN: | ||
| 000 | 00670nam0 2200253 450 | |
| 001 | 1536943632 | |
| 005 | 20150126103004.00 | |
| 010 | @dCNY1.95 | |
| 091 | @a12017.276 | |
| 100 | @a19971124d1983 em y0chiy0110 ea | |
| 101 | 1 | @achi |
| 102 | @aCN@b110000 | |
| 105 | @ay z 000yy | |
| 200 | 1 | @a外国地名译名手册@9wai guo di ming yi ming shou ce@f中国地名委员会编 |
| 210 | @a北京@c商务印书馆@d1983 | |
| 215 | @a559页@d19cm | |
| 606 | 0 | @a地名@y世界@x译名 |
| 606 | 0 | @a历史 |
| 606 | 0 | @a地理 |
| 690 | @aK91-62@v5 | |
| 690 | @aK-62@v4 | |
| 711 | 02 | @a中国地名委员会@9zhong guo di ming wei yuan hui@4编 |
| 801 | 0 | @aCN@bTSSF@c20150126 |
| 905 | @aZUCC@dK-62@eJY19 | |
| 外国地名译名手册/中国地名委员会编.-北京:商务印书馆,1983 |
| 559页;19cm |
| ISBN :CNY1.95 |
| ● |
| 相关链接 |
|
|
|
|
正题名:外国地名译名手册
索取号:K-62/JY19
 
预约/预借
| 序号 | 登录号 | 条形码 | 馆藏地/架位号 | 状态 | 备注 |
| 1 | 7839486 | 278394863 | 学院路分馆/ [索取号:K-62/JY19] | 在馆 |